1967 steam charts (Record no. 20544)

000 -LEADER
fixed length control field 00500nam a22001931 4500
001 - CONTROL NUMBER
control field 20544
003 - CONTROL NUMBER IDENTIFIER
control field BD-DhUET
008 - FIXED-LENGTH DATA ELEMENTS--GENERAL INFORMATION
fixed length control field 700914s1968 nyua 000 0 eng
020 ## - INTERNATIONAL STANDARD BOOK NUMBER
International Standard Book Number 0713130458
040 ## - CATALOGING SOURCE
Original cataloging agency DLC
Transcribing agency DLC
Modifying agency BD-DhUET
082 ## - DEWEY DECIMAL CLASSIFICATION NUMBER
Classification number 621.101084
Item number ELE/1967
110 ## - MAIN ENTRY--CORPORATE NAME
Corporate name or jurisdiction name as entry element Electrical Research Association
245 10 - TITLE STATEMENT
Title 1967 steam charts
250 ## - EDITION STATEMENT
Edition statement 1st ed.
260 ## - PUBLICATION, DISTRIBUTION, ETC. (IMPRINT)
Place of publication, distribution, etc. London
Name of publisher, distributor, etc. Edward Arnold
Date of publication, distribution, etc. 1967
300 ## - PHYSICAL DESCRIPTION
Extent vii, 64 p. (chiefly illus., part col.)
Dimensions 31 cm.
650 #0 - SUBJECT ADDED ENTRY--TOPICAL TERM
Topical term or geographic name as entry element Steam
942 ## - ADDED ENTRY ELEMENTS (KOHA)
Koha item type Corporate Publication
Holdings
Not for loan Koha item type Shelving location Source of classification or shelving scheme Price effective from Sublocation or collection (holding branch) Damaged status Lost status Copy number Piece designation (barcode) Koha date last seen Withdrawn status Location (home branch) Koha normalized classification for sorting Koha full call number Date acquired
 Corporate PublicationCirculation section 2015-04-12Central Library, BUET  1182952015-04-12 Central Library, BUET621_101084000000000_ELE_1967621.101084/ELE/19672015-04-12
 Corporate PublicationCirculation section 2015-04-12Central Library, BUET  2182932015-04-12 Central Library, BUET621_101084000000000_ELE_1967621.101084/ELE/19672015-04-12
 Corporate PublicationCirculation section 2015-04-12Central Library, BUET  3131662015-04-12 Central Library, BUET621_101084000000000_ELE_1967621.101084/ELE/19672015-04-12
 Corporate PublicationCirculation section 2015-04-12Central Library, BUET  4131622015-04-12 Central Library, BUET621_101084000000000_ELE_1967621.101084/ELE/19672015-04-12
 Corporate PublicationCirculation section 2015-04-12Central Library, BUET  5182972015-04-12 Central Library, BUET621_101084000000000_ELE_1967621.101084/ELE/19672015-04-12
 Corporate PublicationCirculation section 2015-04-12Central Library, BUET  6182962015-04-12 Central Library, BUET621_101084000000000_ELE_1967621.101084/ELE/19672015-04-12
 Corporate PublicationCirculation section 2015-04-12Central Library, BUET  7182942015-04-12 Central Library, BUET621_101084000000000_ELE_1967621.101084/ELE/19672015-04-12
 Corporate PublicationCirculation section 2015-04-12Central Library, BUET  8183002015-04-12 Central Library, BUET621_101084000000000_ELE_1967621.101084/ELE/19672015-04-12
 Corporate PublicationCirculation section 2015-04-12Central Library, BUET  9131632015-04-12 Central Library, BUET621_101084000000000_ELE_1967621.101084/ELE/19672015-04-12
 Corporate PublicationCirculation section 2015-04-12Central Library, BUET  10182992015-04-12 Central Library, BUET621_101084000000000_ELE_1967621.101084/ELE/19672015-04-12
 Corporate PublicationCirculation section 2015-04-12Central Library, BUET  11131652015-04-12 Central Library, BUET621_101084000000000_ELE_1967621.101084/ELE/19672015-04-12
 Corporate PublicationCirculation section 2015-04-12Central Library, BUET  12183022015-04-12 Central Library, BUET621_101084000000000_ELE_1967621.101084/ELE/19672015-04-12
 Corporate PublicationCirculation section 2015-04-12Central Library, BUET  13183012015-04-12 Central Library, BUET621_101084000000000_ELE_1967621.101084/ELE/19672015-04-12